00266 a2200121 4500001000700000020001800007040001100025100002600036240003500062245003000097300000800127362000900135192546 a85-346-1073-8 cMagnum aSilberschatz, Abraham10aSistema de banco de dadoslpor10aSistema de banco de dados a7780 a1999